[Event "CZE-chT 9697"]
[Site "CZE"]
[Date "1997.??.??"]
[Round "10"]
[White "Znamenacek, Kvetoslav"]
[Black "Sosna, Jan"]
[Result "0-1"]
[WhiteElo "2325"]
[BlackElo "2350"]

1.Nf3 d5 2.c4 e6 3.b3 Nf6 4.g3 c5 5.Bg2 Nc6 6.O-O Be7 7.Bb2 O-O 8.e3 d4 9.exd4 cxd4
10.Re1 Bc5 11.a3 a5 12.d3 Re8 13.Ne5 Nxe5 14.Rxe5 Qc7 15.Qe1 Bd6 16.Rb5 e5
17.Nd2 Rb8 18.c5 Bxc5 19.b4 axb4 20.axb4 Bd6 21.Nc4 Bf5 22.Qd1 Bd7 23.Rb6 Bc6
24.Ra7 Bxg2 25.Kxg2 Bf8 26.Qf3 e4 27.Qf5 exd3 28.Qxd3 Nd5 29.Qxd4 Nxb6 30.Nxb6 Rbd8
31.Nd5 Qc6 32.Ra5 Rd7 33.Rc5 Qe6 34.Rb5 Red8 35.Nf6+ Qxf6 36.Qxf6 gxf6 37.Bxf6 Rd5
38.Rxb7 R8d6 39.Bc3 Rd3 40.Be5 Re6 41.Bb2 Rb3 42.Bd4 Rxb4 43.Ba1 Rxb7  0-1

[Event "Decin op"]
[Site "Decin"]
[Date "1997.??.??"]
[Round "7"]
[White "Horak, Jiri"]
[Black "Ovchinikova, Julia"]
[Result "1/2-1/2"]
[WhiteElo "2230"]
[BlackElo "2240"]

1.Nf3 d5 2.c4 e6 3.d4 Nf6 4.Nc3 Be7 5.Bg5 O-O 6.e3 Nbd7 7.cxd5 exd5 8.Qc2 c6
9.Bd3 Re8 10.O-O Nf8 11.Ne5 N6d7 12.Bxe7 Rxe7 13.Nf3 Nf6 14.h3 Ng6  1/2-1/2

[Event "Decin op"]
[Site "Decin"]
[Date "1997.??.??"]
[Round "7"]
[White "Surjadnji, Aleksej"]
[Black "Fedorovsky, Michael"]
[Result "1/2-1/2"]
[WhiteElo "2440"]
[BlackElo "2305"]

1.Nf3 d5 2.c4 d4 3.b4 g6 4.d3 Bg7 5.g3 c5 6.bxc5 Na6 7.Bg2 Nxc5 8.O-O e5
9.Ba3 Qc7 10.Nbd2 Ne7 11.Ng5 O-O 12.Nge4 Nxe4 13.Nxe4 Rd8 14.Rb1 Rb8 15.Qb3 b6
16.Nc5 Nf5 17.Qb5 Nd6 18.Qb3 Bf8 19.Rfc1 f5 20.Bd5+ Kg7 21.Ne6+ Bxe6 22.Bxe6 Nb7
23.Bd5 Bxa3 24.Qxa3 Nc5 25.e3 Re8 26.exd4 exd4 27.Re1 Kh8 28.Qb2 Qg7 29.Qd2 Qf6
30.Re2 Rxe2 31.Qxe2 Na4 32.Re1 Nc3 33.Qf3 Rd8 34.Qf4 Rf8 35.Qc7 f4 36.gxf4 Qxf4
37.Qxf4 Rxf4 38.Re8+ Kg7 39.Re7+ Kf6 40.Rxa7 Nxd5 41.cxd5 Ke5 42.Rxh7 Kxd5
43.Kg2 Rf6 44.h4 Rc6 45.Rh6 Rc3 46.Rxg6 Rxd3 47.h5 Ra3 48.h6 Ra7 49.Rxb6 Rxa2
50.h7 Ra8 51.Rh6 Rh8 52.Kf3 Ke5 53.Ke2 Kf5 54.Kd3 Kg5 55.Rh2 Kg6 56.Kxd4 Kg7
57.Ke5 Re8+ 58.Kf5 Kh8 59.f4 Ra8 60.Kg5 Ra6 61.f5 Rb6 62.Kf4 Ra6 63.Rd2 Kxh7
64.Ke5 Kg7 65.Rd7+ Kf8  1/2-1/2

[Event "Decin op"]
[Site "Decin"]
[Date "1997.??.??"]
[Round "8"]
[White "Zakharov, Alexander V"]
[Black "Tolstikh, Nikolay"]
[Result "1/2-1/2"]
[WhiteElo "2235"]
[BlackElo "2405"]

1.Nf3 d5 2.c4 c6 3.e3 Nf6 4.Nc3 e6 5.b3 Bd6 6.Bb2 O-O 7.Be2 Qe7 8.d4 Nbd7
9.O-O b6 10.Qc2 Bb7 11.Rad1 Rac8 12.e4 Nxe4 13.Nxe4 dxe4 14.Qxe4 Nf6 15.Qh4 c5
16.dxc5 Bxc5 17.Bd3 h6 18.Nd4 Ne4 19.Qxe7 Bxe7 20.Nb5 a6 21.Bxe4 Bxe4 22.Nd6 Bxd6
23.Rxd6 b5 24.f3 Bc6 25.Rfd1 a5 26.R1d4 e5 27.Rd2 bxc4 28.bxc4 f5 29.Bc3  1/2-1/2

[Event "Neckar op 1st"]
[Site "Deizisau"]
[Date "1997.??.??"]
[Round "5"]
[White "Piven, Igor"]
[Black "Bagirov, Vladimir"]
[Result "1/2-1/2"]
[WhiteElo "2345"]
[BlackElo "2505"]

1.Nf3 d5 2.c4 e6 3.d4 c6 4.g3 dxc4 5.Bg2 b5 6.O-O Bb7 7.a4 a6 8.Ne5 Nf6 9.Nc3 Nd5
10.e4 Nxc3 11.bxc3 Nd7 12.f4 Be7 13.Rb1 Nxe5 14.fxe5 O-O 15.Qg4 Kh8 16.Be3 Bc8
17.Rf2 Rb8 18.Rbf1 Qe8 19.Bg5 Bxg5 20.Qxg5 Rb7 21.Rf4 Qe7 22.Qh5 g6 23.Qh6 Rg8
24.axb5 axb5  1/2-1/2

[Event "Dresden op"]
[Site "Dresden"]
[Date "1997.??.??"]
[Round "3"]
[White "Teske, Henrik"]
[Black "Moise, Adrian"]
[Result "1/2-1/2"]
[WhiteElo "2515"]
[BlackElo "2230"]

1.Nf3 d5 2.c4 c6 3.d4 e6 4.Qc2 Nf6 5.Bg5 Nbd7 6.Nbd2 Be7 7.e3 O-O 8.Bd3 h6
9.Bxf6 Bxf6 10.O-O dxc4 11.Nxc4 Qe7 12.e4 e5 13.Rad1 g6 14.Nfxe5 Bxe5 15.Nxe5 Nxe5
16.dxe5 Qxe5 17.f4 Qa5 18.f5 g5 19.Bc4 Qe5 20.Bb3 a5 21.h4 Kg7 22.Rf3 g4
23.Rfd3 Qxe4 24.f6+ Kh8 25.Qc5 Be6 26.Bc2 b6 27.Qxb6 g3 28.Qe3 Qxh4 29.Qxg3 Qxg3
30.Rxg3 Rg8 31.Rxg8+ Rxg8 32.Be4 Bxa2 33.Bxc6 Rc8 34.Be4 Re8 35.Rd4 Bb1 36.Bf3 Bg6
37.Rd5 Rb8 38.Rxa5 Rxb2 39.Ra6 Rb5 40.Kf2 Re5 41.Kg3 Kg8 42.Kf4 Rf5+  1/2-1/2

[Event "Caledonian Masters"]
[Site "Edinburgh"]
[Date "1997.??.??"]
[Round "6"]
[White "Campbell, Eoin"]
[Black "Eynon, David"]
[Result "1/2-1/2"]
[WhiteElo "2050"]
[BlackElo "2050"]

1.Nf3 d5 2.c4 e6 3.g3 Nf6 4.Bg2 Be7 5.O-O O-O 6.d4 c5 7.cxd5 exd5 8.Nc3 Nc6
9.Bg5 cxd4 10.Nxd4 h6 11.Be3 Re8 12.Rc1 Bg4 13.Nxc6 bxc6 14.Na4 Qd7 15.Bc5 Rac8
16.Re1 Bf5 17.Qd4 Rc7 18.Bxe7 Qxe7 19.Nc5 Rd8 20.Qa4 Qd6 21.Red1 Qe5 22.Rd2 Rdc8
23.Qd4 Qxd4 24.Rxd4 Re7 25.e3 Rb8 26.b3 Rc8  1/2-1/2

[Event "RUS-Cup5"]
[Site "Ekaterinburg"]
[Date "1997.??.??"]
[Round "2"]
[White "Lisenko, Alexander V"]
[Black "Loktionova, Natalia"]
[Result "1-0"]
[WhiteElo "2385"]
[BlackElo "2170"]

1.Nf3 d5 2.c4 c6 3.b3 Nf6 4.Bb2 Bf5 5.d3 e6 6.g3 h6 7.Bg2 Nbd7 8.Nbd2 c5
9.cxd5 exd5 10.e4 dxe4 11.dxe4 Be6 12.O-O Be7 13.Nh4 Nb6 14.f4 Bg4 15.Qe1 Qd3
16.h3 Rd8 17.e5 Nh7 18.Ne4 Bc8 19.Nd6+ Kf8 20.Rd1 Qa6 21.Qc3 Rg8 22.Nhf5 Bxf5
23.Nxf5 Nd7 24.Rfe1 c4 25.Nxe7 Kxe7 26.Qb4+ Ke8 27.Rd6 Qxa2 28.Ba3  1-0

[Event "Espoo op1"]
[Site "Espoo"]
[Date "1997.??.??"]
[Round "5"]
[White "Salo, Tapio"]
[Black "Kekki, Petri"]
[Result "1/2-1/2"]
[WhiteElo "2315"]
[BlackElo "2255"]

1.Nf3 d5 2.c4 e6 3.d4 c6 4.Nc3 dxc4 5.a4 Bb4 6.e3 b5 7.Bd2 Bxc3 8.Bxc3 Bb7
9.axb5 cxb5 10.b3 a5 11.d5 Nf6  1/2-1/2

[Event "Faro op"]
[Site "Faro"]
[Date "1997.??.??"]
[Round "8"]
[White "Lukov, Valentin"]
[Black "Campos, Jose Felix"]
[Result "0-1"]
[WhiteElo "2475"]
[BlackElo "2260"]

1.Nf3 d5 2.c4 e6 3.g3 c6 4.b3 Nf6 5.Bg2 Bd6 6.Bb2 O-O 7.O-O Nbd7 8.Nc3 Qe7
9.Qc2 Ba3 10.Bxa3 Qxa3 11.d4 Rd8 12.Rfd1 a5 13.Rab1 Qe7 14.e4 Nb6 15.e5 Ne8
16.c5 Nd7 17.Na4 f5 18.exf6 gxf6 19.Re1 Ng7 20.Re2 e5 21.dxe5 fxe5 22.Nxe5 Nxe5
23.Rbe1 Bf5 24.Qc3 d4 25.Qd2 Re8 26.Qxd4 Qd7 27.Qc3 Nd3 28.Nb6 Qf7 29.Nxa8 Nxe1
30.Qxe1 Rxa8 31.Re7 Re8 32.Rxe8+ Qxe8 33.Qxa5 Qd7 34.h3 Ne6 35.Kh2 Ng5 36.f4 Ne6
37.b4 Nd4  0-1

[Event "FIN-chT 9697"]
[Site "FIN"]
[Date "1997.??.??"]
[Round "7.2"]
[White "Salo, Tapio"]
[Black "Pulkkinen, Kari"]
[Result "1-0"]
[WhiteElo "2310"]
[BlackElo "2345"]

1.Nf3 d5 2.c4 dxc4 3.e3 Nf6 4.Bxc4 c5 5.O-O e6 6.d4 a6 7.Bd3 Nbd7 8.Nc3 b5
9.dxc5 Bxc5 10.a4 b4 11.Ne4 Be7 12.Qe2 Bb7 13.Nxf6+ Nxf6 14.e4 O-O 15.Bg5 Nd7
16.Bf4 Qa5 17.b3 Qh5 18.Rfe1 Nc5 19.Nd2 Qxe2 20.Bxe2 Nxe4 21.Nxe4 Bxe4 22.Bxa6 Bxg2
23.Kxg2 Rxa6 24.Rac1 Rd8 25.Rc7 Bf8 26.Rb7 f6 27.Rc1 e5 28.Be3 f5 29.Bb6 Rd6
30.a5 Rg6+ 31.Kf3 Ra8 32.Ra1 e4+ 33.Kf4 Rf6 34.a6 Bd6+ 35.Ke3 Be5 36.Ra5 Re6
37.a7 Ree8 38.Bc7 f4+ 39.Ke2 f3+ 40.Ke3 Bxc7 41.Rxc7 h6 42.Rb5 Rad8 43.Rxb4 Rd3+
44.Kf4 e3 45.Rb8 g5+ 46.Kg3  1-0

[Event "FIN-chT 9697"]
[Site "FIN"]
[Date "1997.??.??"]
[Round "9.4"]
[White "Luukkonen, Tommi"]
[Black "Kytoniemi, Jyrki"]
[Result "0-1"]
[WhiteElo "2100"]
[BlackElo "2220"]

1.Nf3 d5 2.c4 e6 3.g3 c6 4.Bg2 f5 5.b3 Be7 6.Bb2 Bf6 7.Qc2 Nh6 8.O-O Nf7
9.d3 O-O 10.Nbd2 Nd7 11.e4 dxe4 12.dxe4 Bxb2 13.Qxb2 Qf6 14.Qc2 f4 15.c5 g5
16.Rfe1 g4 17.Nh4 Nde5 18.Nc4 Nxc4 19.Qxc4 Ne5 20.Qc2 b6 21.Qd2 Ba6 22.Qxf4 Qxf4
23.gxf4 Rxf4 24.Bf1 Bxf1 25.Kxf1 Nd3 26.Re3 Rxf2+ 27.Kg1 Rd2 28.cxb6 axb6
29.Rg3 Ne5 30.a4 c5 31.h3 h5 32.hxg4 hxg4 33.Rf1 Rf8 34.Ng2 Nf3+  0-1

[Event "FRA-chT9697 groupe B"]
[Site "France"]
[Date "1997.??.??"]
[Round "4"]
[White "Collas, Didier"]
[Black "Roumegous, Etienne"]
[Result "1-0"]
[WhiteElo "2365"]
[BlackElo "2130"]

1.Nf3 d5 2.c4 c6 3.b3 Bf5 4.g3 Nf6 5.Bg2 e6 6.O-O Be7 7.Bb2 O-O 8.d3 Nbd7
9.Nbd2 Ne8 10.Qc2 Bf6 11.b4 a6 12.a4 Nd6 13.Rab1 Bxb2 14.Rxb2 Qf6 15.Rbb1 Qh6
16.Rfc1 Bh3 17.Bh1 f5 18.b5 axb5 19.axb5 Rac8 20.bxc6 bxc6 21.Qa4 Nf6 22.Rc2 Ng4
23.Rcb2 Ne4 24.dxe4 fxe4 25.cxd5 e3 26.Bg2 exd2 27.d6 Rcd8 28.Qd4 e5 29.Qxd2 Bxg2
30.Qxh6 Nxh6 31.Kxg2 Rxd6 32.Nxe5 Re6 33.Nd3 Rfe8 34.Nf4 Re4 35.Rb7 c5 36.Rc7 c4
37.Rc1 g5 38.Nh5 R8e6 39.Rb1 Ng4 40.Rb8+ Re8 41.Rxe8+ Rxe8 42.h3  1-0

[Event "FRA-chT9697 groupe B"]
[Site "France"]
[Date "1997.??.??"]
[Round "6"]
[White "Anic, Darko"]
[Black "Miralles, Gilles"]
[Result "0-1"]
[WhiteElo "2470"]
[BlackElo "2480"]

1.Nf3 d5 2.c4 c6 3.d4 Nf6 4.Nc3 g6 5.e3 Bg7 6.Be2 O-O 7.O-O Be6 8.Ne5 Nbd7
9.cxd5 Nxd5 10.Nc4 Rc8 11.Ne4 h6 12.Bd2 c5 13.Nxc5 Nxc5 14.dxc5 Rxc5 15.Rc1 Nb6
16.Nxb6 Qxb6 17.b3 Rfc8 18.Bf3 Rxc1 19.Bxc1 Qa6 20.Qd2 Bc3 21.Qe2 Qxe2 22.Bxe2 Bf6
23.Bd3 b5 24.Ba3 a5 25.Bxb5 Rc2 26.Ba4 Rxa2 27.Bc5 Rb2 28.Ba3 Ra2 29.Bc5 Rc2
30.Bb6 Bc3 31.h3 Rb2 32.Rc1 Bd2 33.Rc7 Rb1+ 34.Kh2 Bb4 35.Ra7 Bd5 36.Bxa5 Bd6+
37.f4 Rb2 38.Kg1 Bc5 39.Rd7 Bxe3+ 40.Kf1 Bxg2+ 41.Ke1 Bf3 42.Rd8+ Kh7 43.Rh8+ Kxh8
44.Bc3+ Kg8 45.Bxb2 Bxf4 46.b4 e5 47.Kf2 Bb7 48.b5 e4 49.Bb3 Kf8 50.Ba3+ Ke8
51.Bc5 f5 52.Be6 Be5 53.h4 h5 54.Bg8 f4 55.Ke2 Bf6 56.Bf2 e3 57.Be1 Bd4 58.Bc4 f3+
59.Kd3 Bb6  0-1

[Event "FRA-chT9697 groupe A"]
[Site "France"]
[Date "1997.??.??"]
[Round "6"]
[White "Boutroy, Alexis"]
[Black "Buchy, Daniel"]
[Result "1/2-1/2"]
[WhiteElo "2210"]
[BlackElo "2265"]

1.Nf3 d5 2.c4 e6 3.d4 f5 4.Nc3 Nf6 5.Bf4 c6 6.e3 Bd6 7.Bd3 Ne4 8.O-O O-O
9.Rc1 Be7 10.h3 Nd7 11.Ne5 Ndf6 12.f3 Nxc3 13.bxc3 Nh5 14.Qb3 Nxf4 15.exf4 Bh4
16.cxd5 exd5 17.c4 Bg3 18.cxd5 cxd5 19.Rc5 Be6 20.Qxb7 Bxf4 21.Nc6 Qg5 22.Qe7 Qxe7
23.Nxe7+ Kf7 24.Nxd5 Bd6 25.Ra5 Rfd8 26.Ne3 g6 27.Rb1 Kf6 28.Ra6 Bf4 29.Kf2 Rxd4
30.Be2 Rd7 31.Nc4 Kf7 32.Nb6 Rad8 33.Nxd7 Rxd7 34.Rd1 Rb7 35.g3 Be5 36.f4 Bf6
37.Rdd6 Re7 38.Bc4 Bxc4 39.Rxf6+ Kg7 40.Rad6 Bxa2 41.h4 Bc4 42.h5 Bf7 43.hxg6 hxg6
44.Rc6 Rd7 45.Rfd6 Rb7 46.Rd2 Re7 47.Rcd6 Rb7 48.Rd7 Rb6 49.Rxa7 Kf6 50.Rad7 Be6
51.R7d6 Rb7 52.Rc6 Kf7 53.Rdd6 Re7 54.Rb6 Kf6 55.Ke3 Re8 56.Kd4 Re7 57.Kc5 Re8
58.Rbc6 Re7 59.Ra6 Re8 60.Rac6 Re7 61.Kb6 Re8 62.Rxe6+ Rxe6 63.Rxe6+ Kxe6
64.Kc6 Ke7 65.Kc7 Ke6  1/2-1/2

[Event "Franfurt CC Ordix"]
[Site "Frankfurt"]
[Date "1997.??.??"]
[Round "8"]
[White "Stangl, Markus"]
[Black "Korneev, Oleg"]
[Result "0-1"]
[WhiteElo "2540"]
[BlackElo "2590"]

1.Nf3 d5 2.c4 d4 3.g3 g6 4.Bg2 Bg7 5.O-O e5 6.d3 Ne7 7.e3 dxe3 8.Bxe3 Nbc6
9.Nc3 O-O 10.Re1 h6 11.Qd2 Nf5 12.Bc5 Re8 13.Ne4 b6 14.Ba3 Rb8 15.b4 Ncd4
16.Nxd4 Nxd4 17.Bb2 Bb7 18.Bxd4 Qxd4 19.Nc3 Bxg2 20.Kxg2 e4 21.Nb5 Qd7 22.Rad1 Rbd8
23.Nc3 exd3 24.Qxd3 Rxe1 25.Qxd7 Rxd7  0-1

[Event "Arnold mem"]
[Site "Gausdal"]
[Date "1997.??.??"]
[Round "5"]
[White "Rausis, Igors"]
[Black "Thorsteinsson, Arnar"]
[Result "1-0"]
[WhiteElo "2490"]
[BlackElo "2285"]

1.Nf3 d5 2.c4 c6 3.d4 e6 4.Qc2 Nf6 5.Nbd2 Nbd7 6.g3 Bd6 7.Bg2 O-O 8.O-O Re8
9.Rd1 Qe7 10.e4 dxe4 11.Nxe4 Nxe4 12.Qxe4 Nf8 13.c5 Bc7 14.Bf4 f6 15.Bxc7 Qxc7
16.Nd2 Bd7 17.Nc4 Red8 18.b4 Be8 19.a4 Rab8 20.h4 a6 21.Qe2 Bf7 22.Nd6 Rxd6
23.cxd6 Qxd6 24.b5 axb5 25.axb5 cxb5 26.Qxb5 h5 27.Ra7 e5 28.d5 Be8 29.Qb1 b5
30.Rc1 Bd7 31.Rcc7 f5 32.Bh3 e4 33.Bxf5 Qxd5 34.Bxd7 e3 35.Qb2  1-0

[Event "Geneve op"]
[Site "Geneve"]
[Date "1997.??.??"]
[Round "2"]
[White "Gurevich, Dmitry"]
[Black "Hernando Pertierra, Jose C"]
[Result "1/2-1/2"]
[WhiteElo "2580"]
[BlackElo "2400"]

1.Nf3 d5 2.c4 c6 3.e3 e6 4.Nc3 f5 5.b3 Nf6 6.Bb2 Bd6 7.Qc2 O-O 8.h3 e5 9.Be2 a6
10.g4 e4 11.Nd4 fxg4 12.cxd5 cxd5 13.Nxd5 Nxd5 14.Bc4 Kh8 15.Bxd5 Bg3 16.fxg3 Qxd5
17.Ne2 gxh3 18.Qc3 Qg5 19.Ba3 Rd8 20.Qc7 Nc6 21.Qf4 Ne5 22.O-O Qxf4 23.gxf4 Bg4
24.Nd4 Nf3+ 25.Nxf3 Bxf3 26.Kh2 Bg2 27.Rf2 Kg8 28.f5 Kf7 29.Bb2 Rac8 30.Bc3 Rc6
31.Rf4 Rdc8 32.Re1 h5 33.Re2 Rd8 34.Ref2 Rd5 35.Rh4 Rh6 36.Rhf4 Rc6 37.Rh4 Rh6
38.Rhf4 Rhd6 39.Rh4 g5 40.fxg6+ Kxg6  1/2-1/2

[Event "Oberliga Sued W9697"]
[Site "GER"]
[Date "1997.??.??"]
[Round "?"]
[White "Busch, Raimund"]
[Black "Schiff, Armin"]
[Result "1/2-1/2"]
[WhiteElo "2305"]
[BlackElo "2215"]

1.Nf3 d5 2.c4 c6 3.e3 Nf6 4.Nc3 dxc4 5.Bxc4 b5 6.Be2 Bb7 7.O-O e6 8.b3 Nbd7
9.Bb2 a6 10.Rc1 Be7 11.Qc2 Rc8 12.Ng5 c5 13.f4 h6 14.Bf3 Bxf3 15.Nxf3 O-O
16.Ne2 Nd5 17.f5 Nb4 18.Qb1 Bf6 19.fxe6 fxe6 20.Bxf6 Rxf6 21.a3 Nd5 22.Qe4 Qe8
23.Nc3 Qh5 24.Ne2 Qf5 25.Ng3 Qxe4 26.Nxe4 Rff8 27.Rc2 N5f6 28.Nxf6+ Rxf6
29.d4 e5 30.dxc5 Rxc5 31.Rfc1 Rfc6 32.Rxc5 Rxc5 33.Rxc5 Nxc5 34.b4 Nd7 35.Kf2 Kf7
36.e4 Ke6 37.Ke3 Nb6 38.Nd2  1/2-1/2

[Event "BL2-O9697"]
[Site "Germany"]
[Date "1997.??.??"]
[Round "?.7"]
[White "Heinz, Juergen"]
[Black "Loew, Gerald"]
[Result "1-0"]
[WhiteElo "2210"]
[BlackElo "2275"]

1.Nf3 d5 2.c4 c6 3.d4 Nf6 4.cxd5 cxd5 5.Bf4 Nc6 6.e3 Qb6 7.Qb3 Qxb3 8.axb3 Bd7
9.Bb5 e6 10.O-O Nh5 11.Bxc6 Bxc6 12.Be5 Be7 13.h3 O-O 14.Nc3 f6 15.Bh2 g5
16.Ne1 Ng7 17.Nd3 Rfc8 18.g4 h6 19.f4 b6 20.Rf2 Ne8 21.fxg5 hxg5 22.Bg3 Kg7
23.h4 gxh4 24.Bxh4 Bd7 25.Nf4 Kf7 26.Nh5 f5 27.Bxe7 Kxe7 28.gxf5 Nd6 29.fxe6 Bxe6
30.Nf4 Ne4 31.Ng6+ Kd7 32.Ne5+ Ke7 33.Nxe4 dxe4 34.Rg2 a5 35.Rf1 Rg8 36.Ng6+ Kd7
37.Rf6 Bxb3 38.Rxb6 a4 39.Kf2 Kc7 40.Rb5 Kc6 41.Rgg5 Kd6 42.Rb6+ Kc7 43.Rf6 a3
44.bxa3 Rxa3 45.Rc5+ Kb7 46.Re5 Bc2 47.Re7+ Ka8 48.Rf8+ Rxf8+ 49.Nxf8 Ra5
50.Ne6 Rf5+ 51.Nf4 Kb8 52.Ke2 Kc8 53.Kd2 Bb1 54.Kc3 Kd8 55.Ra7 Kc8 56.d5 Kb8
57.Re7 Kc8 58.Kd4 Rg5 59.Kc5 Rg1 60.Ne6 Rd1 61.Kc6 Rc1+ 62.Nc5 Kd8 63.Ra7  1-0

[Event "Oberliga Nord O9697"]
[Site "Germany"]
[Date "1997.??.??"]
[Round "?"]
[White "Schoene, Ralf"]
[Black "Simon, Ralf Axel"]
[Result "1-0"]
[WhiteElo "2405"]
[BlackElo "2220"]

1.Nf3 d5 2.c4 e6 3.b3 c5 4.g3 d4 5.Bg2 Ne7 6.O-O Nec6 7.d3 Bd6 8.e4 O-O 9.Ng5 f6
10.Nh3 Ne5 11.f4 Nf7 12.Nf2 Nc6 13.h4 a6 14.Nd2 Re8 15.Nh3 Bf8 16.g4 g6 17.Nf3 Bg7
18.Rb1 h6 19.Rb2 e5 20.Nh2 Ra7 21.a3 b5 22.cxb5 axb5 23.Rc2 Qd6 24.Rcf2 Ba6
25.g5 fxg5 26.hxg5 hxg5 27.f5 gxf5 28.exf5 Bf6 29.Qh5 e4 30.Bxe4 Rxe4 31.dxe4 d3
32.Rg2 Qd4+ 33.Kh1 Nce5 34.Bxg5 Bxg5 35.Nxg5 Nxg5 36.Qxg5+ Kf8  1-0

[Event "Oberliga Nord O9697"]
[Site "Germany"]
[Date "1997.??.??"]
[Round "?"]
[White "Muse, Drazen"]
[Black "Brameyer, Hermann"]
[Result "1-0"]
[WhiteElo "2335"]
[BlackElo "2290"]

1.Nf3 d5 2.c4 d4 3.g3 Nc6 4.Bg2 f6 5.O-O e5 6.d3 Bg4 7.Na3 Bxa3 8.bxa3 Nge7
9.h3 Be6 10.Rb1 Rb8 11.Kh2 O-O 12.Qc2 Qe8 13.Rb5 a6 14.Rb2 Qh5 15.Bd2 g5
16.Ng1 Nd8 17.Ba5 Rc8 18.e3 Nec6 19.Be1 f5 20.Qe2 Qxe2 21.Nxe2 dxe3 22.fxe3 e4
23.Nd4 Ne5 24.dxe4 Nxc4 25.Rb3 fxe4 26.Rxf8+ Kxf8 27.Nxe6+ Nxe6 28.Bxe4 Nc5
29.Bb4 b6 30.Rc3 Nd6 31.Bc6 Rb8 32.Kg2 Kf7 33.Bxc5 bxc5 34.Rxc5 Kf6 35.e4 Nf7
36.Rf5+ Ke7 37.Bd5 Nd6 38.Rxg5 Kf6 39.h4 Re8 40.Kf3 Nb5 41.Kf4 Rf8 42.Rf5+ Ke7
43.Rxf8 Kxf8 44.Bc4 Nxa3 45.Bxa6 Ke7 46.Bd3 c5 47.e5 h6 48.g4 c4 49.Bf5 c3
50.Ke3 c2 51.Kd2 h5 52.Bxc2 Nc4+ 53.Kc3 Nxe5 54.gxh5 Kf6 55.h6 Nd7 56.Kd4 Nb6
57.Kc5  1-0

[Event "BL2-O9697"]
[Site "Germany"]
[Date "1997.??.??"]
[Round "?.5"]
[White "Schoeneberg, Manfred"]
[Black "Lukasiewicz, Grzegorz"]
[Result "1/2-1/2"]
[WhiteElo "2365"]
[BlackElo "2390"]

1.Nf3 d5 2.c4 c6 3.b3 Bg4 4.Bb2 e6 5.e3 Nf6 6.Be2 Nbd7 7.O-O Bd6 8.cxd5 cxd5
9.Nd4 Bxe2 10.Qxe2 a6 11.Nc3 O-O 12.d3 Rc8 13.Rac1  1/2-1/2

[Event "Landesliga Nord 9697 Bayern"]
[Site "Germany"]
[Date "1997.??.??"]
[Round "?"]
[White "Gerstorfer, Werner"]
[Black "Kreuzer, Helmut"]
[Result "1/2-1/2"]
[WhiteElo "2000"]
[BlackElo "2155"]

1.Nf3 d5 2.c4 c6 3.b3 Nf6 4.g3 Bg4 5.Bg2 Nbd7 6.Bb2 e6 7.O-O Bc5 8.d4 Bd6
9.Nc3 O-O 10.Qd2 Re8 11.e3 Qe7 12.a3 Rad8 13.c5 Bc7 14.b4 e5 15.dxe5 Nxe5
16.Nxe5 Bxe5 17.Na4 Ne4 18.Qc1 Bxb2 19.Nxb2 Ng5 20.Nd1 Bf3 21.h4 Bxg2 22.Kxg2 Ne4
23.Ra2 Qe5 24.Rc2 Re6 25.Nc3 f5 26.Ne2 Nf6 27.Nd4 Re7 28.Qd1 a6 29.Qf3 g6
30.Re2 Ne4 31.Rfe1 Nc3 32.Rc2 Nb5 33.Nxb5 axb5 34.Rd1 Ra8 35.Rd3 Qa1 36.Rd1 Qxa3
37.Rd4 Qb3 38.Rcd2 Ra1 39.h5 Rc1 40.hxg6 hxg6 41.Qf4 Rc4 42.Qh6 Kf7 43.Qh7+ Kf6
44.Qh8+ Kf7 45.Qh7+  1/2-1/2

[Event "Landesliga Sued 9697 Bayern"]
[Site "Germany"]
[Date "1997.??.??"]
[Round "?"]
[White "Phildius, Bernhard"]
[Black "Schneider, Richard"]
[Result "1-0"]
[WhiteElo "2145"]
[BlackElo "2200"]

1.Nf3 d5 2.c4 c6 3.b3 Nf6 4.g3 e6 5.Bg2 a5 6.O-O a4 7.Ba3 Bxa3 8.Nxa3 Qe7
9.Qc1 Nbd7 10.Qb2 O-O 11.d4 Ne4 12.b4 Nd6 13.Rac1 Nxc4 14.Nxc4 dxc4 15.Rxc4 a3
16.Qb3 e5 17.e4 Nb6 18.Rc5 exd4 19.Nxd4 Rd8 20.Nf5 Qf6 21.Ra5 Be6 22.Qb1 Rd2
23.Qc1 Rxa2 24.Rd1 g6 25.Rxa8+ Nxa8 26.Qc3  1-0

[Event "BL2-W9697"]
[Site "Germany"]
[Date "1997.??.??"]
[Round "?.7"]
[White "Straeter, Timo"]
[Black "Morlo, Michael"]
[Result "0-1"]
[WhiteElo "2300"]
[BlackElo "2310"]

1.Nf3 d5 2.c4 c6 3.d4 Nf6 4.Nc3 a6 5.Qb3 e6 6.Bg5 Be7 7.e3 dxc4 8.Qxc4 b5
9.Qb3 Nbd7 10.Rd1 O-O 11.Bd3 h6 12.Bh4 c5 13.Bxf6 Nxf6 14.dxc5 Qc7 15.Ne4 Bb7
16.Nfd2 Nxe4 17.Bxe4 Bxc5 18.O-O Rfd8 19.Qc2 Rac8 20.Nb3 Bxe4 21.Rxd8+ Qxd8
22.Qxe4 Bb6 23.Qb7 a5 24.Qa6 a4 25.Nd4 Bxd4 26.exd4 Qd7 27.h3 Rc4 28.Rd1 Qd5
29.Qa7 Rc2 30.Qb8+ Kh7 31.Qf4 Rxb2 32.Qxf7 Rxa2 33.Re1 Qf5 34.Qxf5+ exf5
35.Rb1 a3 36.Rxb5 Rb2 37.Ra5 a2 38.Kh2 Rxf2 39.Kg3 Rd2 40.Kf3 Kg6 41.Ra6+ Kg5
42.d5 f4 43.d6 Kf6 44.Kxf4 Rxg2 45.d7+ Ke7 46.Ra7 g5+ 47.Kf3 Rd2 48.Kg4 Rd4+
49.Kf5 Rf4+ 50.Ke5 Rf2 51.Ke4 Rh2 52.Kf5 Rxh3 53.Rxa2 Kxd7 54.Ra6 Rh4 55.Kg6 g4
56.Kf5 h5 57.Rh6 g3  0-1

[Event "Oberliga Nord W9798"]
[Site "Germany"]
[Date "1997.??.??"]
[Round "?.4"]
[White "Wronn, Bernd"]
[Black "Olzem, Lothar"]
[Result "0-1"]
[WhiteElo "2105"]
[BlackElo "2225"]

1.Nf3 d5 2.c4 c6 3.b3 Bf5 4.Bb2 Nf6 5.d3 e6 6.g3 Nbd7 7.Bg2 Bb4+ 8.Nbd2 O-O
9.a3 Be7 10.b4 a5 11.Qb3 axb4 12.axb4 Qb6 13.c5 Rxa1+ 14.Bxa1 Qc7 15.d4 b6
16.O-O Rb8 17.Qa3 Ne4 18.Nxe4 Bxe4 19.Bc3 Bf6 20.Ra1 h6 21.e3 Qb7 22.Qa7 bxc5
23.bxc5 Qxa7 24.Rxa7 Rb1+ 25.Ne1 Nxc5 26.f3 Bg6 27.Kf2 Nb3 28.Bf1 c5 29.Rb7 cxd4  0-1

[Event "Oberliga Nord O9798"]
[Site "Germany"]
[Date "1997.??.??"]
[Round "?"]
[White "Kleeschaetzky, Ralf"]
[Black "Mueller, Michael"]
[Result "1-0"]
[WhiteElo "2265"]
[BlackElo "2330"]

1.Nf3 d5 2.c4 e6 3.g3 Nf6 4.Bg2 Be7 5.O-O O-O 6.b3 d4 7.Bb2 c5 8.b4 Qb6 9.Qb3 Nc6
10.b5 Na5 11.Qc2 Qc7 12.d3 e5 13.Bc1 Bd7 14.Bd2 b6 15.Bxa5 bxa5 16.a4 Rae8
17.Nbd2 h6 18.Nb3 Nh7 19.e3 f5 20.exd4 cxd4 21.c5 f4 22.Rfe1 fxg3 23.fxg3 Bd8
24.Nbd2 Bg4 25.Rf1 Ng5 26.Nxg5 Bxg5 27.Ne4 Be3+ 28.Kh1 h5 29.h3 Be6 30.Qe2 h4
31.Qh5 Bf7 32.Qxh4 Re6 33.Qg4 Rh6 34.Qf5 Rd8 35.Nd6 Be6 36.Qxe5 Bxh3 37.Bxh3 Rxh3+
38.Kg2 Rh6 39.Rf7 Qxf7 40.Nxf7 Kxf7 41.Qc7+ Ke8 42.Qxg7  1-0

[Event "Oberliga Nord O9798"]
[Site "Germany"]
[Date "1997.??.??"]
[Round "?"]
[White "Kleeschaetzky, Ralf"]
[Black "Venske, Kai Gerrit"]
[Result "1/2-1/2"]
[WhiteElo "2265"]
[BlackElo "2205"]

1.Nf3 d5 2.c4 dxc4 3.Qa4+ Nc6 4.g3 Nf6 5.Bg2 Nd7 6.Qxc4 e5 7.a3 g6 8.d3 Nb6
9.Qc2 Bg7 10.Be3 Nd4 11.Bxd4 exd4 12.O-O O-O 13.Nbd2 Bd7 14.Ne4 Ba4 15.b3 Bc6
16.Nfd2 f5 17.Nc5 Bxg2 18.Kxg2 Qd5+ 19.Kg1 Rae8 20.Rfe1 f4 21.Nce4 Qf7 22.Nf3 Nd5
23.Rac1 fxg3 24.hxg3 Nc3 25.Nxc3 dxc3 26.Rf1 Qe7 27.d4 Qxe2 28.Qxe2 Rxe2
29.Rxc3 c5 30.Rd3 cxd4 31.Nxd4 Bxd4  1/2-1/2

[Event "Oberliga Nord O9798"]
[Site "Germany"]
[Date "1997.??.??"]
[Round "?"]
[White "Syre, Christian"]
[Black "Postler, Reinhard"]
[Result "0-1"]
[WhiteElo "2275"]
[BlackElo "2295"]

1.Nf3 d5 2.c4 c6 3.e3 Nf6 4.Nc3 e6 5.b3 Bd6 6.Bb2 Nbd7 7.d4 O-O 8.Bd3 Re8
9.O-O e5 10.dxe5 Nxe5 11.Nxe5 Bxe5 12.Qc2 d4 13.exd4 Qxd4 14.g3 Bg4 15.Na4 Qd6
16.c5 Qd5 17.Rfe1 Bxb2 18.Nxb2 Bf3 19.b4 Qh5 20.Bf1 Ng4 21.h3 Ne5 22.Re3 Bd5
23.g4 Nxg4 24.Rg3 Ne5 25.Be2 Qh6 26.Kh2 Qf4 27.Nd3 Nxd3 28.Bxd3 h5 29.Qb2 Re5
30.Re1 Rae8  0-1

[Event "Oberliga Ost B9798"]
[Site "Germany"]
[Date "1997.??.??"]
[Round "?.2"]
[White "Teske, Henrik"]
[Black "Savchenko, Stanislav"]
[Result "1/2-1/2"]
[WhiteElo "2515"]
[BlackElo "2565"]

1.Nf3 d5 2.c4 c6 3.d4 Nf6 4.Nc3 e6 5.Bg5 h6 6.Bxf6 Qxf6 7.e4 dxe4 8.Nxe4 Bb4+
9.Ke2 Qf4 10.Qc2 f5 11.Nc3 O-O 12.g3 Qg4 13.Bg2 Nd7 14.a3 Bd6 15.h3 Qh5 16.Rhd1 e5
17.dxe5 Bxe5 18.Kf1 Bf6 19.Ne2 Ne5 20.Nf4 Qf7 21.Rac1 g5 22.Nxe5 Bxe5 23.Re1 Bg7
24.Nd5 Be6 25.Rxe6 Qxe6 26.Nc7 Qf6 27.Nxa8 Rxa8 28.Rd1 Rd8 29.Rxd8+ Qxd8
30.Bf3 Qf6 31.Kg2 f4  1/2-1/2

[Event "BL2-N9798"]
[Site "Germany"]
[Date "1997.??.??"]
[Round "3.1"]
[White "Blatny, Pavel"]
[Black "Kalinitschew, Sergey"]
[Result "0-1"]
[WhiteElo "2555"]
[BlackElo "2525"]

1.Nf3 d5 2.c4 c6 3.b3 Bg4 4.e3 e6 5.Bb2 Nd7 6.Be2 a5 7.Na3 Ngf6 8.O-O Bd6
9.cxd5 exd5 10.Nd4 Bxe2 11.Qxe2 O-O 12.Nf5 Bc7 13.g4 Re8 14.g5 Ne4 15.f4 Nd6
16.Nxg7  0-1